La celestina (espasa-calpe) /
Guardado en:
| Autor Principal: | |
|---|---|
| Formato: | Libro |
| Publicado: |
Madrid :
Espasa-calpe,
1993
|
| Series: | Colección Austral
|
| Materias: | |
| Etiquetas: |
Agregar Etiqueta
Sin Etiquetas, Sea el primero en etiquetar este registro!
|
| LEADER | 00669nam a22002175a 4500 | ||
|---|---|---|---|
| 001 | EHU.bham027900 | ||
| 003 | AR-BHAM | ||
| 005 | 20130618182851.0 | ||
| 008 | 130507s1993##################000#0#####d | ||
| 082 | 8 | 6 | |a 862.2 |
| 100 | 1 | |a Rojas, Fernando De | |
| 245 | 1 | 0 | |a La celestina (espasa-calpe) / |c Fernando De Rojas |
| 260 | |a Madrid : |b Espasa-calpe, |c 1993 | ||
| 300 | |a 360 p. | ||
| 490 | 0 | |a Colección Austral | |
| 500 | |a Ed. de Pedro M. Piñero Ramírez | ||
| 653 | |a Literatura espaÑola | ||
| 653 | |a Teatro espaÑol | ||
| 653 | |a Teatro espaÑol-1370-1516 | ||
| 653 | |a Literatura espaÑola-1517-1700 | ||
| 859 | |a AR-BHAM |b BIB. HUMANIDADES - General |h 862.2 |i R638-7 |p 121.05 |t Ej.1 | ||
